Océano uno: diccionario enciclopédico ilustrado

Shranjeno v:
Bibliografske podrobnosti
Format: Knjiga
Jezik:španščina
Izdano: Barcelona Océano 1994
Teme:
Oznake: Označite
Brez oznak, prvi označite!

MARC

LEADER 00000nam a2200000 a 4500
001 UCY0946
003 CL-VaPUC
008 940818e19940000SP |||||||||||||||||spa|d
082 0 4 |a 463  |b OCE  |2 21 
245 1 0 |a Océano uno: diccionario enciclopédico ilustrado 
300 |a pág. irreg 
942 |c BK 
945 |d 19940818 00:00:00  |a rbrito 
260 |a Barcelona  |b Océano  |c 1994 
650 7 |a ESPAÑOL DICCIONARIOS  |2 CL-VaPUC  |9 260592 
583 |a last modification  |c 19940818 00:00:00  |k Rodrigo Vera 
999 |c 229811  |d 229809 
952 |0 0  |1 0  |4 0  |6 463_000000000000000_OCE_1994  |7 0  |8 X  |9 231470  |a BIBHIS  |b BIBHIS  |d 2019-11-15  |i 2999773  |o 463 OCE 1994  |p 2999773  |r 2024-01-30  |w 2019-11-15  |y BK_X  |k HIS